000 01211nmc a2200385 a 4500
003 AR-BaBNM
005 20251128204809.0
008 011101s1993 ||||||||||||||000 | spa||
020 _a950-23-0535-3
040 _cAR-BaBNM
111 2 _aSeminario sobre Derecho a la Identidad
_n1
_cBuenos Aires, Argentina
_9oct. 29
_d1991
245 1 0 _aEl derecho a la identidad
_blos avances científicos : la regulación jurídica y los principios de la Convención sobre los Derechos del Niño [Ley 23.849]
250 _a1ª ed.
260 _aBuenos Aires
_bEudeba
_c1993
300 0 _a139 p.
_bcuadros, gráfs.
490 0 _aDerechos Humanos. Temas y problemas
_vv. 4
610 2 4 _aConvención sobre los Derechos del Niño
650 4 _aDERECHOS HUMANOS
650 4 _aDERECHOS DEL NINO
650 4 _aIDENTIDAD
650 4 _aLEGISLACION
650 4 _aNINOS
650 4 _aGENETICA
651 4 _aArgentina
653 0 _aFILIACION
700 1 _aPierini, Alicia
_ecoordinador
700 1 _aSamaja, Juan
700 1 _aSlapak, Sara
700 1 _aArianna, Carlos A.
700 1 _aLiwski, Norberto I.
700 1 _aDi Lonardo, Ana M.
700 1 _aGüiraldes, Miguel R.
942 _cBK
998 _csole
999 _c8868
_d8868